000
00388nam a2200145Ia 4500
008
100122s9999 xx 000 0 und d
082
_b
6351
_a
821
100
_a
देवगिरीकर त्र्यं र
245
_a
गीतांजली
260
_c
1948
300
_a
100
630
_a
गीतांजली
730
_a
गीतांजली
942
_c
BOOK
999
_c
399389
_d
399386